LEADER 01103nam--2200361---450- 001 990000364300203316 035 $a0036430 035 $aUSA010036430 035 $a(ALEPH)000036430USA01 035 $a0036430 100 $a20010319d1973----km-y0itay0103----ba 101 $aeng 102 $aUS 105 $a||||||||001yy 200 1 $aPL/1 programming$eincludes appropriate implementation information and error codes for PL/C cimpilers$fPaul W. Murrill, Cecil L. Smith 210 $aNew York$cIntext educational publichers$d1973 215 $aX, 401 p.$cill.$d23 cm 410 $12001 461 1$1001-------$12001 676 $a001.6424 700 1$aMURRILL,$bPaul W.$0543743 701 1$aSMITH,$bCecil L.$0209864 801 0$aIT$bsalbc$gISBD 912 $a990000364300203316 951 $a001.642 4 MUR$b4089$c001.6424$d00105934 959 $aBK 969 $aSCI 979 $aPATTY$b90$c20010319$lUSA01$h1014 979 $aPATTY$b90$c20010320$lUSA01$h1711 979 $c20020403$lUSA01$h1644 979 $aPATRY$b90$c20040406$lUSA01$h1625 996 $aPL$9876997 997 $aUNISA LEADER 02056nam 2200553 a 450 001 9910699957603321 005 20110420085228.0 035 $a(CKB)5470000002406380 035 $a(OCoLC)699832518 035 $a(EXLCZ)995470000002406380 100 $a20110201d2010 ua 0 101 0 $aeng 135 $aurmn||||||||| 181 $ctxt$2rdacontent 182 $cc$2rdamedia 183 $acr$2rdacarrier 200 13$aAn assessment of gas foil bearing scalability and the potential benefits to civilian turbofan engines$b[electronic resource] /$fRobert J. Bruckner ; prepared for the Turbo Expo 2010 sponsored by the American Society of Mechanical Engineers, Glasgow, Scotland, United Kingdom, June 14-18, 2010 210 1$aCleveland, Ohio :$cNational Aeronautics and Space Administration, Glenn Research Center,$d[2010] 215 $a1 online resource (7 pages) $cillustrations 225 1 $aNASA/TM ;$v2010-216732 300 $aTitle from title screen (viewed on Feb. 1, 2011). 300 $a"August 2010." 300 $a"GT2010-22118." 320 $aIncludes bibliographical references (page 7). 606 $aFoil bearings$2nasat 606 $aTurbomachinery$2nasat 606 $aLubrication systems$2nasat 606 $aCooling$2nasat 606 $aDamping$2nasat 606 $aGas bearings$2nasat 606 $aShafts (machine elements)$2nasat 606 $aTurbofan engines$2nasat 615 7$aFoil bearings. 615 7$aTurbomachinery. 615 7$aLubrication systems. 615 7$aCooling. 615 7$aDamping. 615 7$aGas bearings. 615 7$aShafts (machine elements) 615 7$aTurbofan engines. 700 $aBruckner$b Robert J$01394729 712 02$aNASA Glenn Research Center. 712 12$aASME Turbo Expo$f(2010 :$eGlasgow, Scotland) 801 0$bGPO 801 1$bGPO 906 $aBOOK 912 $a9910699957603321 996 $aAn assessment of gas foil bearing scalability and the potential benefits to civilian turbofan engines$93510835 997 $aUNINA